| 000 | 00484nam a2200181 a 4500 | ||
|---|---|---|---|
| 005 | 20210219160039.0 | ||
| 008 | 080620s1964 mx r 000 0 spa d | ||
| 035 | _aUPN01000157194 | ||
| 049 | _aUNE | ||
| 080 | _aOC 058: 341.123 (100) "1964" NAC. | ||
| 245 | 0 | 0 |
_aNaciones Unidas : _banuario jurÃdico, 1964. |
| 260 |
_aNueva York : _bONU, _c1964. |
||
| 300 | _axxviii, 354 p. | ||
| 690 | _aInformes jurÃdicos | ||
| 690 | _aONU | ||
| 710 | 2 | _aNaciones Unidas | |
| 905 | _aUNESCO | ||
| 999 |
_c129308 _d129308 |
||